Málaga CF 2012/13 season squad - Statistics

General Stats
  • This quiz has been taken 7 times
  • The average score is 9 of 26
Answer Stats
Squad Number Player % Correct
22 Isco
100%
13 Willy Caballero
100%
7 Joaquín
83%
5 Martín Demichelis
83%
17 Duda
67%
1 Carlos Kameni
50%
8 Jeremy Toulalan
50%
2 Jesús Gamez
50%
24 Roque Santa Cruz
50%
6 Ignacio Camacho
33%
9 Javier Saviola
33%
10 Julio Baptista
33%
15 Nacho Monreal
33%
21 Sergio Sánchez
33%
18 Eliseu
17%
16(until 30/8/12) Enzo Maresca
17%
19 Francisco Portillo
17%
12 Lucas Piazón
17%
16(after 30/8/12) Manuel Iturra
17%
23 Oguchi Onyewu
17%
11 Sebastián Fernández
17%
25 Antunes
0%
20 Diego Buonanotte
0%
4 Diego Lugano
0%
14 Pedro Morales
0%
3 Welington
0%
No matching quizzes found
Score Distribution
Percent of People with Each Score
Percentile by Number Answered
Your Score History
You have not taken this quiz